000
00311nam a2200121Ia 4500
008
190216s9999||||xx |||||||||||||| ||und||
100
_a
Day &selbin
245
0
_a
Theoretical Inorganic Chemistry
260
_b
Affiliated East West Press
_c
1980
300
_a
590p
650
_a
Chemistry-Chemistry
942
_c
BK
999
_c
2172
_d
2172